000 00753nam a2200229 a 4500
001 38668
003 BD-RjUL
005 20211209052834.0
008 160204s2004 bg ||||| |||| 00| 0 ben d
035 _a(BD-RjUL)
040 _aBD-RjUL
_beng
_cBD-RjUL
041 _aeng
082 _a891.441
_bMAA 2004
100 _aমাহমুদ, অনীক
_9119322
245 _aআসন্নবিরহ বিষণ্নবিদায় /
_cঅনীক মাহমুদ
250 _a১ম সং.
260 _aঢাকা :
_bপরী প্রকাশন,
_c২০০৪.
300 _a৬৪ পৃ. ;
_c২২ সেমি.
650 _aবাংলা কবিতা
_9119323
650 _aPoets, Bengali.
_9119324
942 _2ddc
_cBK
999 _c38668
_d38668